000 00739nam a2200217Ia 4500
003 GCL
008 140319s9999 xx 000 0 ara d
020 _a9339291977
040 _aGCL /
_cGCL
082 0 4 _a814.008
_bع ب
100 1 _aعلى فهمى خشيم
245 1 0 _aبحثآ عن فرعون العربى ودراسات اخرى /
_cعلى فهمى خشيم
250 _aالاولى
260 _aالقاهرة :
_bمركز الحضارة العربية للاعلام والنشر ،
_c2001
300 _a368 ص ؛
_c24 سم
650 0 4 _aالمقالات - مجموعات
650 0 4 _aليبيا - المقالات
650 0 4 _aليبيا - لهجات
650 0 4 _aالصحراء الليبية
942 _2ddc
_cBK
999 _c5602
_d5602